000 00763nam a2200217 i 4500
001 180143
003 ES-MaACL
005 20251220171944.0
008 120424s1956 mx |||| | spa d
080 _a52
100 1 _aHaro, Guillermo.
_9149868
245 1 0 _aEn el cielo y en la tierra /
_cGuillermo Haro.
260 _aMéxico :
_bUniversidad Nacional de México,
_c1956.
300 _a8 p. ;
_c22 cm.
490 1 _aSeminario de Problemas Científicos y Filosóficos. Suplementos ;
_v9
650 7 _aAstronomía
_2embne
_910386
710 2 _aUniversidad Nacional Autónoma de México.
_97397
830 0 _aSeminario de Problemas Científicos y Filosóficos. Suplementos
_v9
_9190619
852 _aES-MaACL
_j2297-F-8
999 _c180143
_d180143